000 00623nam a2200193 4500
003 BD-RjUL
005 20230410104400.0
008 230410s1954 pk ||||| |||| 00| 0 urd d
035 _a(BD-RjUL)
040 _aBD-RjUL
_beng
_cBD-RjUL
041 _aurd
082 _223
_a398.2088297
_bMAP 1954
100 _aمودودی، سید ابوالاعلی // Maududi, Syed Abul Ali
_97307
245 1 0 _aپردہ // Parda /
_cسید ابوالاعلی مودودی // Syed Abul Ali Maududi
260 _aLahore :
_bMaktaba i Islami,
_c1954
300 _a398 p. ;
_c18 cm
650 _aIslam
_vCustoms
_97306
942 _2ddc
_cBK
999 _c81337
_d81337